000 01048nmc a2200349 a 4500
003 AR-BaBNM
005 20251128204746.0
008 135119s1992 ||||||||||||||000 | spa||
020 _a84-7509-227-6
040 _cAR-BaBNM
100 1 _aDijk, Teun A. van
245 1 0 _aLa ciencia del texto, un enfoque interdisciplinario
_bcon un epílogo a la edición castellana del autor
250 _a3ª ed.
260 _aBarcelona
_bPaidós
_c1992
300 _a309 p.
490 0 _aPaidós comunicación
_vv. 5
500 _aTraducción de Sibila Hunzinger
500 _aContiene referencias bibliográficas en pág. 295
500 _aIndice analítico en pág. 305-309
650 4 _aGRAMATICA GENERATIVA
650 4 _aGRAMATICA ESTRUCTURAL
650 4 _aGRAMATICA TRADICIONAL
650 4 _aANALISIS LITERARIO
650 4 _aPSICOLINGUISTICA
650 4 _aRETORICA
650 4 _aTEORIA LINGUISTICA
650 4 _aINVESTIGACION LINGUISTICA
653 _aGRAMATICA TEXTUAL
653 _aPRAGMATICA
942 _cBK
998 _cMARTIN
999 _c8703
_d8703